Diccionario de los símbolos
Gardado en:
| Autor Principal: | |
|---|---|
| Formato: | Libro |
| Idioma: | Undetermined |
| Publicado: |
Barcelona, España
Herder
1988
|
| Materias: | |
| Etiquetas: |
Engadir etiqueta
Sen Etiquetas, Sexa o primeiro en etiquetar este rexistro!
|
MARC
| LEADER | 00000nam a2200000Ia 4500 | ||
|---|---|---|---|
| 008 | 170316s9999 xx 000 0 und d | ||
| 999 | |c 14742 |d 14742 | ||
| 040 | |a cru BVZT | ||
| 090 | |a R-413 C-1d T.2 SIM | ||
| 100 | |a Chevalier, Jean | ||
| 245 | |a Diccionario de los símbolos | ||
| 260 | |a Barcelona, España |b Herder |c 1988 | ||
| 300 | |a 547 páginas T.2 | ||
| 630 | |l Español | ||
| 650 | |a REFERENCIA |9 27 | ||
| 650 | 0 | |a DICCIONARIO |9 28 | |
| 650 | 0 | |a FILOSOFÍA |9 5 | |
| 650 | 0 | |a SEMIOLOGÍA |9 223 | |
| 650 | 0 | |a SÍMBOLO |9 224 | |
| 942 | |c REF |2 z | ||
